000 00552nam a22002057a 4500
003 OSt
005 20160505154636.0
008 160505b xxu||||| |||| 00| 0 eng d
020 _a9780743291996
020 _a9780743298766 (e-book)
040 _aSEKU
050 _aPS 3557
_b.G7
100 _aGrazier, Gigi Levangie
245 _aQueen takes king /
_cGigi Levangie Grazer.
260 _aNew York :
_bSimon & Schuster,
_c2009.
300 _a369 p.
650 _aRich people
650 _aRich people
_2Social life and customs
942 _2lcc
_cGEN
999 _c13432
_d13432